00985nam a2200205 a 450000100100000000500170001000800410002704000250006811001030009324500970019626000460029330000270033949000290036683000360039504900090043195201060044095201050054695201110065199900170076200003008520200930060030.0110429s20uu dr 000 0 spa d aDO-SdBNPbspacBNPHU2 aReública DominicanabComisión Presidencial para la reforma y Modernización del Estado95678910aBiblioteca municipales :bel manual del ayuntamiento, vías y obras públicas municipales. aSanto Domingo :bLiga Municipal,c[200?]. a28 p. :bil. ;c21 cm.1 aCuadernos municipalesv9 0aCuadernos municipalesv9956790 aBNPD 00107-18PDaGRbGRcOId2013-12-03iLF1l0o p30085-30r2020-06-25w2020-06-25yLFPDZNo se presta 0010718PDaPDbPDcCTd2011-04-29iLF1l0o p30085-10r2020-06-25w2020-06-25yLFPDZNo se presta 0010718PDaPDbPDcCTd2011-04-29iLF1l0o p30085-20r2020-06-25te. 2w2020-06-25yLFPDZNo se presta c29577d29577